Life

Kaydedildi:
Detaylı Bibliyografya
Yazar: Stephenson, Helen
Materyal Türü: Sách
Dil:Undetermined
Baskı/Yayın Bilgisi: National geographic learning 2019
Konular:
Etiketler: Etiketle
Etiket eklenmemiş, İlk siz ekleyin!
Thư viện lưu trữ: Trung tâm Thư viện - Trường Đại học Công nghiệp TP. Hồ Chí Minh
LEADER 00443nam a2200157Ia 4500
001 UIH_00344
008 230809s9999 xx 000 0 und d
082 |a 428 
100 |a Stephenson, Helen 
245 0 |a Life 
245 0 |c Stephenson, Helen 
260 |b National geographic learning 
260 |c 2019 
650 |a Learing English; 
927 |a Sách 
980 |a Trung tâm Thư viện - Trường Đại học Công nghiệp TP. Hồ Chí Minh